000 01067nam a22002894a 4500
005 20240903115124.0
008 070914s2007 ii a b 000 0 eng
010 _aENG-141588
020 _c225.00
035 _aEN-125120
037 _bDBAD
040 _adpl
_bEnglish
082 _a398.20954
100 _aBompas, C.H.
_970878
245 _aFolklore of the kolhan/
_cBy C.H. Bompas
260 _aKolkata
_bThe Asiatic Society,
_c2006
300 _axii, 95 p.
_c24 cm (Hb)
500 _aPreviously published in the 2nd issue of the Journal of the Asiatic Society in 1902.
520 _aCollection of folk stories of Ho and Santals, tribal communities, from Kolhan in Chota Nāgpur Region.
546 _aIncludes passages in Bengali.
650 _aHo (Indic people)
_zIndia
_zKolhan
_xFolklore.
_970879
650 _aSantal (South Asian people)
_zIndia
_zKolhan
_xFolklore.
_970880
700 _aSengupta, Pallab
_970881
700 _aBasu, Arpita
_970882
700 _aBasu, Sarmistha De
_970883
942 _2ddc
_cEN
_mBOM
_h398.20954
999 _c19079
_d19079